Informática y telecomunicaciones (Record no. 12774)
[ view plain ]
| 000 -LEADER | |
|---|---|
| campo de control de longitud fija | 01003nam a2200229 i 4500 |
| 001 - NÚMERO DE CONTROL | |
| campo de control | 12774 |
| 003 - IDENTIFICADOR DE NÚMERO DE CONTROL | |
| campo de control | ES-MaACL |
| 005 - FECHA Y HORA DE LA ÚLTIMA TRANSACCIÓN | |
| campo de control | 20230906150408.0 |
| 007 - CAMPO FIJO DE DESCRIPCIÓN FÍSICA--INFORMACIÓN GENERAL | |
| campo de control de longitud fija | t| |
| 008 - DATOS DE LONGITUD FIJA--INFORMACIÓN GENERAL | |
| campo de control de longitud fija | 900510s1987 sp |||| | spa j |
| 080 ## - NÚMERO DE LA CLASIFICACIÓN DECIMAL UNIVERSAL | |
| Número de la Clasificación Decimal Universal | 061.41 Sevilla "1992" |
| 245 00 - MENCIÓN DEL TÍTULO | |
| Título | Informática y telecomunicaciones |
| Resto del título | : prestigio Expo'92. |
| 260 ## - PUBLICACIÓN, DISTRIBUCIÓN, ETC. | |
| Lugar de publicación, distribución, etc. | Sevilla : |
| Nombre del editor, distribuidor, etc. | Sociedad Estatal para la Exposición Universal, Sevilla 1992, |
| Fecha de publicación, distribución, etc. | D.L. 1987. |
| 300 ## - DESCRIPCIÓN FÍSICA | |
| Extensión | 5 v. ; |
| Dimensiones | 30 cm. |
| 500 ## - NOTA GENERAL | |
| Nota general | Precede al tít.: Expo'92 Sevilla. |
| 500 ## - NOTA GENERAL | |
| Nota general | Tít. tomado de cub. |
| 505 8# - NOTA DE CONTENIDO CON FORMATO | |
| Nota de contenido con formato | Contiene: 1. Tecnología de la información: evolución y tendencias - 2. I.T. Expo 92 : acciones de prestigio - 2. (Informe) [sic] Análisis de la estrategia tecnológica andaluza.- 3. I.T. Expo 92: un horizonte para Andalucía - 4. Resumen y conclusiones |
| 611 27 - PUNTO DE ACCESO ADICIONAL DE MATERIA--NOMBRE DE REUNIÓN/CONGRESO | |
| Nombre de congreso/reunión o jurisdicción como elemento de entrada | Expo'92 ( |
| Sede del congreso/Lugar de la reunión | Sevilla) |
| 9 (RLIN) | 646 |
| 710 2# - ENTRADA AGREGADA--NOMBRE DE ENTIDAD CORPORATIVA | |
| Nombre de entidad corporativa o nombre de jurisdicción como elemento de entrada | Sociedad Estatal para la Exposición Universal de Sevilla 1992. |
| 9 (RLIN) | 6764 |
| 711 2# - ENTRADA AGREGADA--NOMBRE DE REUNIÓN | |
| Nombre de congreso/reunión o jurisdicción como elemento de entrada | Expo'92 ( |
| Sede del congreso/Lugar de la reunión | Sevilla) |
| 9 (RLIN) | 646 |
| 852 ## - LOCALIZACIÓN | |
| Ubicación | ES-MaACL |
| Número de control de estantería | L-19961-65 |
| Estatus retirado | Estado de pérdida | Estado de daño | No para préstamo | Biblioteca de origen | Biblioteca actual | Ubicación en estantería | Fecha de adquisición | Fuente de adquisición | Total de préstamos | Signatura topográfica completa | Código de barras | Visto por última vez | Precio de reemplazo | Tipo de ítem Koha |
|---|---|---|---|---|---|---|---|---|---|---|---|---|---|---|
| Biblioteca del Ateneo de Madrid | Biblioteca del Ateneo de Madrid | Depósito 2 | 17/01/2008 | L-19961-65 | 1013012 | 23/02/2023 | 23/02/2023 | Libro impreso |
